000
00250nam a2200085Ia 4500
245
0
_a
Skygazers : from Hypatia to Faber
100
_a
Greathouse, Lisa E. Minneapolis, MN, 2009
_9
84693
942
_c
BK
008
210818s9999 xx 000 0 und d
999
_c
433023
_d
433024